Normal view
MARC view
Entry Personal Name
001 - CONTROL NUMBER
- control field: 51749
003 - CONTROL NUMBER IDENTIFIER
- control field: ARRUPE
005 - DATE AND TIME OF LATEST TRANSACTION
- control field: 20220520124928.0
008 - FIXED-LENGTH DATA ELEMENTS
- fixed length control field: 220520|| aca||aabn | a|a d
040 ## - CATALOGING SOURCE
- Original cataloging agency: ARRUPE
- Transcribing agency: ARRUPE
100 ## - HEADING--PERSONAL NAME
- Personal name: Langley, D. Lester
670 ## - SOURCE DATA FOUND
- Source citation: Work cat.: (ARRUPE)131490: Langley, D. Lester, The United States and the Carbbean in the twentieth century;, 1980.